| 000 -LEADER |
| fixed length control field |
00562nam a2200217Ia 4500 |
| 001 - CONTROL NUMBER |
| control field |
7885 |
| 003 - CONTROL NUMBER IDENTIFIER |
| control field |
GE_BSU |
| 005 - DATE AND TIME OF LATEST TRANSACTION |
| control field |
20221116105636.0 |
| 008 - FIXED-LENGTH DATA ELEMENTS--GENERAL INFORMATION |
| fixed length control field |
181216s2005ge xx |||||||||||||| ||ger|| |
| 020 ## - INTERNATIONAL STANDARD BOOK NUMBER |
| International Standard Book Number |
9783468497162 x |
| 040 ## - CATALOGING SOURCE |
| Transcribing agency |
GE_BSU |
| 041 ## - LANGUAGE CODE |
| Language code of text/sound track or separate title |
ger |
| 080 ## - UNIVERSAL DECIMAL CLASSIFICATION NUMBER |
| Universal Decimal Classification number |
821.122.2-4 F-36 |
| 100 ## - MAIN ENTRY--PERSONAL NAME |
| Personal name |
Felix &Theo |
| 9 (RLIN) |
14905 |
| 245 ## - TITLE STATEMENT |
| Title |
Ein Mann zu viel / |
| Statement of responsibility, etc. |
Theo & Felix |
| 264 ## - PRODUCTION, PUBLICATION, DISTRIBUTION, MANUFACTURE, AND COPYRIGHT NOTICE |
| Place of production, publication, distribution, manufacture |
Berlin : |
| Name of producer, publisher, distributor, manufacturer |
Langenscheidt, |
| Date of production, publication, distribution, manufacture, or copyright notice |
2005. |
| 300 ## - PHYSICAL DESCRIPTION |
| Extent |
32 p.: |
| Other physical details |
Ill; |
| Dimensions |
17cm. |
| 653 ## - INDEX TERM--UNCONTROLLED |
| keyword |
Ein Mann zu viel |
| 653 ## - INDEX TERM--UNCONTROLLED |
| keyword |
გერმანული ენა |
| 942 ## - ADDED ENTRY ELEMENTS (KOHA) |
| Koha item type |
წიგნი |
| Source of classification or shelving scheme |
|